Descripción geográfica, histórica y estadística de Bolivia /
Guardat en:
| Autor principal: | |
|---|---|
| Format: | Electrònic eBook |
| Idioma: | espanyol |
| Publicat: |
Barcelona :
Red ediciones S.L.,
2018.
|
| Col·lecció: | Linkgua historia ;
287. |
| Matèries: | |
| Accés en línia: | Digitalia Hispánica |
| Etiquetes: |
Afegir etiqueta
Sense etiquetes, Sigues el primer a etiquetar aquest registre!
|
MARC
| LEADER | 00000nam a2200000Ii 4500 | ||
|---|---|---|---|
| 001 | DIGLKG0471 | ||
| 003 | NyNyDIG | ||
| 006 | m o d | ||
| 007 | cr ||||||||||| | ||
| 008 | 220727s2018 sp o 000 0 spa d | ||
| 035 | |a (OCoLC)1350507693 | ||
| 040 | |a DGITA |b eng |e rda |e pn |c DGITA | ||
| 020 | |a 9788499530390 |q ebook | ||
| 020 | |z 9788499530406 |q rústica | ||
| 043 | |a s-bo--- | ||
| 050 | 1 | 4 | |a F3313 ebook |
| 082 | 0 | 4 | |a 984 |
| 100 | 1 | |a Orbigny, Alcide Dessalines d', |d 1802-1857, |e author. | |
| 245 | 1 | 0 | |a Descripción geográfica, histórica y estadística de Bolivia / |c Alcides de Orbigny. |
| 264 | 1 | |a Barcelona : |b Red ediciones S.L., |c 2018. | |
| 300 | |a 1 online resource. | ||
| 336 | |a text |b txt |2 rdacontent | ||
| 337 | |a computer |b c |2 rdamedia | ||
| 338 | |a online resource |b cr |2 rdacarrier | ||
| 347 | |a text file |2 rdaft | ||
| 347 | |b EPUB | ||
| 490 | 1 | |a Linkgua historia ; |v 287 | |
| 500 | |a "linkgua-digital.com"--Cover. | ||
| 588 | 0 | |a Online resource; title from ePub title page (Digitalia, viewed July 27, 2022) | |
| 651 | 0 | |a Bolivia |x Description and travel. | |
| 651 | 0 | |a Bolivia |x History, Local. | |
| 655 | 0 | |a Electronic books. | |
| 791 | 2 | |a Digitalia (Firm), |e distributor. | |
| 793 | 0 | |g Digitalia eBook Collection: |a Linkgua | |
| 776 | 0 | 8 | |i Print version: |a Orbigny, Alcide Dessalines d', 1802-1857. |t Descripción geográfica, histórica y estadística de Bolivia. |d Barcelona : Red ediciones S.L., 2018 |z 9788499530406 |
| 830 | 0 | |a Linkgua historia ; |v 287. | |
| 856 | 4 | 0 | |3 Digitalia Hispánica |u https://digitalia.unach.elogim.com/a/108171/ |
| 910 | |a Premium collection: 2022 | ||